000 00295nam a2200121Ia 4500
005 20251222155050.0
008 251222s9999||||xx |||||||||||||| ||spa||
082 _aMEQ. 20
100 _aVIDAL NEIRA.
245 0 _aConstantes Clinicas en Medicina
264 _bLaboratorios Abeefe
942 _cLIB
999 _c37264
_d37264